Pick a Cheese Quiz Stats

 Plays Quiz Updated Sep 10, 2019

Score 0/16 Timer 05:00
10 Plays Today
% Correct
Mozzarella
83.9%
Brie
81.2%
Feta
81%
Colby Jack
75.1%
Parmigiano reggiano
73.5%
Roquefort
68.5%
Ricotta
66.5%
Bavarian Smoked
64.4%
% Correct
Casu Marzu
57.6%
Double Gloucester
56.9%
Halloumi
56.5%
Emmental
55.2%
Manchego
51.7%
Gouda
49.1%
Kefalograviera Saganaki
48.1%
Limburger
44.8%

You're not logged in!

Compare scores with friends on all Sporcle quizzes.
OR
Log In

Sporcle TV

Today on Sporcle TV


Watch our educational content, quiz creation guides, and fun videos on Sporcle TV.

Show Comments

Extras

Top Quizzes Today


Score Distribution

Your Account Isn't Verified!

In order to create a playlist on Sporcle, you need to verify the email address you used during registration. Go to your Sporcle Settings to finish the process.

Report this User

Report this user for behavior that violates our Community Guidelines.

Details: